Química: curso universitario

Guardat en:
Dades bibliogràfiques
Autor principal: Mahan, Bruce H. (autor)
Format: Llibre
Idioma:espanyol
Publicat: Bogotá Fondo Educativo Interamericano 1977
Edició:2a. ed
Matèries:
Etiquetes: Afegir etiqueta
Sense etiquetes, Sigues el primer a etiquetar aquest registre!

MARC

LEADER 00000cam a2200000 a 4500
001 UCY7782
003 CL-VaPUC
008 950622e19770000CK |||||||||||||||||spa|d
082 0 4 |a 540  |b MAH  |2 21 
100 |a Mahan, Bruce H.  |e autor  |9 373214 
245 1 0 |a Química: curso universitario 
250 |a 2a. ed 
300 |a 813 p 
942 |c BK 
945 |d 19950622 00:00:00  |a awong 
260 |a Bogotá  |b Fondo Educativo Interamericano  |c 1977 
650 0 |a Química orgánica   |9 259426 
650 0 |a Química inorgánica  |9 260154 
650 0 |a Equilibrio químico   |9 259943 
650 7 |a TERMODINAMICA QUIMICA  |2 CL-VaPUC  |9 338568 
650 0 |a Reacciones químicas  |9 259438 
650 0 |a Átomos  |9 259583 
583 |a last modification  |c 20171031 10:59:51  |k Rodrigo Vera 
999 |c 235097  |d 235095 
952 |0 0  |1 0  |4 0  |6 540_000000000000000_MAH_1977  |7 0  |8 A  |9 242256  |a BIBCUR  |b BIBCUR  |d 2019-11-18  |i 3124789  |o 540 MAH 1977  |p 3124789  |r 2025-04-22  |w 2019-11-18  |y BK  |k BCB 
952 |0 0  |1 0  |4 0  |6 540_000000000000000_MAH_1977  |7 0  |8 A  |9 242257  |a BIBCUR  |b BIBCUR  |d 2019-11-18  |i 3124797  |o 540 MAH 1977  |p 3124797  |r 2025-04-22  |w 2019-11-18  |y BK  |k BCB 
952 |0 0  |1 0  |4 0  |6 540_000000000000000_MAH_1977  |7 0  |8 A  |9 242258  |a BIBCUR  |b BIBCUR  |d 2019-11-18  |i 3124800  |o 540 MAH 1977  |p 3124800  |r 2025-04-22  |w 2019-11-18  |y BK  |k BCB 
952 |0 0  |1 0  |4 0  |6 540_000000000000000_MAH_1977  |7 0  |8 A  |9 242259  |a BIBCUR  |b BIBCUR  |d 2019-11-18  |i 3124819  |o 540 MAH 1977  |p 3124819  |r 2025-04-22  |w 2019-11-18  |y BK  |k BCB 
952 |0 0  |1 0  |4 0  |6 540_000000000000000_MAH_1977  |7 0  |8 A  |9 242260  |a BIBCUR  |b BIBCUR  |d 2019-11-18  |i 3124827  |o 540 MAH 1977  |p 3124827  |r 2025-04-22  |w 2019-11-18  |y BK  |k BCB 
952 |0 0  |1 0  |4 0  |6 540_000000000000000_MAH_1977  |7 0  |8 A  |9 242261  |a BIBCUR  |b BIBCUR  |d 2019-11-18  |i 3124835  |o 540 MAH 1977  |p 3124835  |r 2025-04-22  |w 2019-11-18  |y BK  |k BCB 
952 |0 0  |1 0  |4 0  |6 540_000000000000000_MAH_1977  |7 0  |8 A  |9 242262  |a BIBCUR  |b BIBCUR  |d 2019-11-18  |i 312486K  |o 540 MAH 1977  |p 312486K  |r 2025-04-22  |w 2019-11-18  |y BK  |k BCB 
952 |0 0  |1 0  |4 0  |6 540_000000000000000_MAH_1977  |7 0  |8 A  |9 242263  |a BIBCUR  |b BIBCUR  |d 2019-11-18  |i 3124878  |o 540 MAH 1977  |p 3124878  |r 2025-04-22  |w 2019-11-18  |y BK  |k BCB 
952 |0 0  |1 0  |4 0  |6 540_000000000000000_MAH_1977  |7 0  |8 A  |9 242264  |a BIBCUR  |b BIBCUR  |d 2019-11-18  |i 3124886  |o 540 MAH 1977  |p 3124886  |r 2025-04-22  |w 2019-11-18  |y BK  |k BCB 
952 |0 0  |1 0  |4 0  |6 540_000000000000000_MAH_1977  |7 0  |8 A  |9 242265  |a BIBCUR  |b BIBCUR  |d 2019-11-18  |i 3124908  |o 540 MAH 1977  |p 3124908  |r 2025-04-22  |w 2019-11-18  |y BK  |k BCB 
952 |0 0  |1 0  |4 0  |6 540_000000000000000_MAH_1977  |7 0  |8 A  |9 242266  |a BIBCUR  |b BIBCUR  |d 2019-11-18  |i 3124940  |o 540 MAH 1977  |p 3124940  |r 2025-04-22  |w 2019-11-18  |y BK  |k BCB 
952 |0 0  |1 0  |4 0  |6 540_000000000000000_MAH_1977  |7 0  |8 A  |9 242267  |a BIBCUR  |b BIBCUR  |d 2019-11-18  |i 3127826  |o 540 MAH 1977  |p 3127826  |r 2025-04-22  |w 2019-11-18  |y BK  |k BCB 
952 |0 0  |1 0  |4 0  |6 540_000000000000000_MAH_1977  |7 0  |8 A  |9 242268  |a BIBCUR  |b BIBCUR  |d 2019-11-18  |i 3127869  |o 540 MAH 1977  |p 3127869  |r 2025-04-22  |w 2019-11-18  |y BK  |k BCB 
952 |0 0  |1 0  |4 0  |6 540_000000000000000_MAH_1977  |7 0  |8 A  |9 242269  |a BIBCUR  |b BIBCUR  |d 2019-11-18  |i 1760475  |l 1  |o 540 MAH 1977  |p 1760475  |r 2025-04-22  |s 2023-03-14  |w 2019-11-18  |y BK  |k BCB 
952 |0 0  |1 0  |4 0  |6 540_000000000000000_MAH_1977  |7 0  |8 A  |9 242270  |a BIBCUR  |b BIBCUR  |d 2019-11-18  |i 1798790  |o 540 MAH 1977  |p 1798790  |r 2025-04-22  |w 2019-11-18  |y BK  |k BCB 
952 |0 0  |1 0  |4 0  |6 540_000000000000000_MAH_1977  |7 0  |8 A  |9 242271  |a BIBCUR  |b BIBCUR  |d 2019-11-18  |i 2086050  |o 540 MAH 1977  |p 2086050  |r 2025-04-22  |w 2019-11-18  |y BK  |k QUI 
952 |0 0  |1 0  |3 erb  |4 0  |6 540_000000000000000_MAH_1977  |7 0  |8 A  |9 242272  |a BIBCUR  |b BIBCUR  |i 531531K  |l 1  |o 540 MAH 1977  |p 531531K  |r 2025-04-22  |s 2023-08-08  |w 2019-11-18  |y BK  |z Catalogado en:20160701  |k QUI